Heritage property, tourism and the UK Disability Discrimination Act (Record no. 74608)

MARC details
000 -LEADER
fixed length control field 01395cab a2200277 4500
001 - CONTROL NUMBER
control field ABS68405
008 - FIXED-LENGTH DATA ELEMENTS--GENERAL INFORMATION
fixed length control field 041118n2004 000 0 eng u
035 ## - SYSTEM CONTROL NUMBER
System control number (Sirsi) u128042
100 ## - MAIN ENTRY--PERSONAL NAME
Personal name Goodall, B.
245 ## - TITLE STATEMENT
Title Heritage property, tourism and the UK Disability Discrimination Act
260 ## - PUBLICATION, DISTRIBUTION, ETC.
Date of publication, distribution, etc. 2004
490 ## - SERIES STATEMENT
Series statement Property Management
Volume/sequential designation 22(5) 2004, 345-357(13)
520 ## - SUMMARY, ETC.
Summary, etc. Discusses how historic environments can enjoy considerable legislative protection from adverse change, whilst balancing conservation with public access for all. This forms the basis of recent research which assesses how the Disability Discrimination Act 1995 has changed the legal obligations of owners/operators in managing access to listed buildings in tourism use. It also examines the key stakeholders and power structures in the management of historic buildings and distinguishes other important players in the management process. (Taken from article abstract).
590 ## - LOCAL NOTE (RLIN)
Local note ABS
650 ## - SUBJECT ADDED ENTRY--TOPICAL TERM
Topical term or geographic name entry element DISABILITY DISCRIMINATION ACT 1995
650 ## - SUBJECT ADDED ENTRY--TOPICAL TERM
Topical term or geographic name entry element MANAGEMENT-BUSINESS MANAGEMENT-DISCRIMINATION-DISABILITY DISCRIMINATION-ACCESSIBILITY
650 ## - SUBJECT ADDED ENTRY--TOPICAL TERM
Topical term or geographic name entry element LISTED BUILDINGS
650 ## - SUBJECT ADDED ENTRY--TOPICAL TERM
Topical term or geographic name entry element HISTORIC BUILDINGS
650 ## - SUBJECT ADDED ENTRY--TOPICAL TERM
Topical term or geographic name entry element TOURISM
650 ## - SUBJECT ADDED ENTRY--TOPICAL TERM
Topical term or geographic name entry element SCHEDULED MONUMENTS
690 ## - LOCAL SUBJECT ADDED ENTRY--TOPICAL TERM (OCLC, RLIN)
Topical term or geographic name as entry element BUILT ENVIRONMENT-CONSTRUCTION DESIGN
700 ## - ADDED ENTRY--PERSONAL NAME
Personal name Pottinger, G.
700 ## - ADDED ENTRY--PERSONAL NAME
Personal name Dixon, T.
700 ## - ADDED ENTRY--PERSONAL NAME
Personal name Russell, H.
942 ## - ADDED ENTRY ELEMENTS (KOHA)
Suppress in OPAC 0
Holdings
Withdrawn status Lost status Source of classification or shelving scheme Damaged status Not for loan Home library Current library Shelving location Date acquired Total Checkouts Full call number Barcode Date last seen Copy number Price effective from Koha item type
    Dewey Decimal Classification     London London Journal article 18/11/2004   ABS68405 128042-1001 06/08/2019 1 06/08/2019 Journal article